Vista normal Vista MARC

Entrada Nombre personal

Número de registros utilizados en: 14

001 - NÚMERO DE CONTROL

  • campo de control: 12772

003 - IDENTIFICADOR DE NÚMERO DE CONTROL

  • campo de control: OSt

005 - FECHA Y HORA DE LA ÚLTIMA TRANSACCIÓN

  • campo de control: 20221005155541.0

008 - ELEMENTOS DE DATO DE LONGITUD-FIJA

  • campo de control de longitud fija: 221005|| aca||aabn | a|a d

040 ## - FUENTE DE CATALOGACIÓN

  • Centro catalogador/agencia de origen: OSt
  • Centro/agencia transcriptor: OSt

100 ## - ENCABEZAMIENTO-NOMBRE DE PERSONA

  • Nombre de persona: SALES SALVADOR, Dora

670 ## - FUENTE DE DATOS ENCONTRADOS

  • Cita de la fuente: Work cat.: (OSt)12830: No me arrepiento de nada :, D.L. 2004

Con tecnología Koha